Deforestation : (Registro nro. 1245)

Detalles MARC
000 -CABECERA
Campo de control 01023nam a2200313 a 4500
005 - FECHA Y HORA DE LA ULTIMA TRANSACCION
Campo de control 20200104041519.0
008 - ELEMENTOS DE LONGITUD FIJA—INFORMACION GENERAL
Campo de control 140226s1998 -cnad fr|||| 000 0 eng d
040 ## - FUENTE DE CATALOGACIÓN
Agencia catalogadora original CO-BoIAVH
Agencia transcriptora CO-BoIAVH
041 ## - IDIOMA
Código de idioma para texto/pista de sonido o título separado Inglés
044 ## - PAÍS DE PUBLICACIÓN
País de publicación Canadá
082 04 - NUMERO DE CLASIFICACION DECIMAL DEWEY
Número de clasificación 333.7516
Número del ítem R78d
100 1# - ASIENTO PRINCIPAL--NOMBRE PERSONAL
Nombre personal Roper, John
9 (RLIN) 11453
245 10 - MENCION DE TITULO
Título Deforestation :
Parte restante del título tropical forest in decline
260 ## - PUBLICACION, DISTRIBUCION, ETC. (PIE DE IMPRENTA)
Lugar de publicación, distribución, etc. Quebec :
Nombre del editor, distribuidor, etc. Cida Forestry Advisers Network,
Fecha de publicación, distribución, etc. 1998.
300 ## - DESCRIPCION FISICA
Extensión 50 páginas :
Otros detalles físicos Ilustraciones, gráficas ;
Dimensiones 22 x 18 cm.
504 ## - NOTA DE BIBLIOGRAFIA, ETC.
Nota de bibliografía Incluye referencias bibliográficas: páginas 47-49.
650 16 - ASIENTO SECUNDARIO DE MATERIA - TERMINO TEMATICO
Término temático o nombre geográfico como elemento de entrada Deforestación
9 (RLIN) 266
650 26 - ASIENTO SECUNDARIO DE MATERIA - TERMINO TEMATICO
Término temático o nombre geográfico como elemento de entrada Bosques tropicales
9 (RLIN) 63025
650 26 - ASIENTO SECUNDARIO DE MATERIA - TERMINO TEMATICO
Término temático o nombre geográfico como elemento de entrada Desarrollo social
9 (RLIN) 63026
650 26 - ASIENTO SECUNDARIO DE MATERIA - TERMINO TEMATICO
Término temático o nombre geográfico como elemento de entrada Desarrollo económico
9 (RLIN) 63027
650 26 - ASIENTO SECUNDARIO DE MATERIA - TERMINO TEMATICO
Término temático o nombre geográfico como elemento de entrada Política ambiental
9 (RLIN) 63028
650 26 - ASIENTO SECUNDARIO DE MATERIA - TERMINO TEMATICO
Término temático o nombre geográfico como elemento de entrada Legislación ambiental
9 (RLIN) 63029
650 26 - ASIENTO SECUNDARIO DE MATERIA - TERMINO TEMATICO
Término temático o nombre geográfico como elemento de entrada Plantaciones forestales
9 (RLIN) 92198
650 26 - ASIENTO SECUNDARIO DE MATERIA - TERMINO TEMATICO
Término temático o nombre geográfico como elemento de entrada Tenencia de tierras
9 (RLIN) 4530
650 26 - ASIENTO SECUNDARIO DE MATERIA - TERMINO TEMATICO
Término temático o nombre geográfico como elemento de entrada Agricultura
9 (RLIN) 304
650 26 - ASIENTO SECUNDARIO DE MATERIA - TERMINO TEMATICO
Término temático o nombre geográfico como elemento de entrada Uso sostenible
9 (RLIN) 344
700 1# - ASIENTO SECUNDARIO - NOMBRE PERSONAL
Nombre personal Roberts, Ralph W.
9 (RLIN) 11463
942 ## - ELEMENTOS ADICIONALES (KOHA)
Tipo de ítem Libro
Sistema de clasificación Dewey Decimal Classification
Existencias
Withdrawn status Lost status Sistema de Clasificación Damaged status No para préstamo Colección Inventariado Ubicación Permanente Ubicación actual Fecha de adquisición Fuente de Valor Valor Total Checkouts Número topográfico Inventario / Código de Barras Date last seen Ejemplar Price effective from Forma de adquisición Tipo de material
    Dewey Decimal Classification     General Inventariado 2017 Bogotá Bogotá 26/04/1999 Franco, Ana María 39000.00   LB-333.7516 R78d 004824 04/12/2012 Ej. 1 04/12/2012   Libro